Statistics for Luxembourg First Level Subdivisions

Click here to take the quiz!

General Stats

  • This quiz has been taken 151 times
  • The average score is 6 of 12

Answer Stats

Cantons% Correct
Luxembourg
98%
Diekirch
57%
Esch-sur-Alzette
49%
Echternach
47%
Wiltz
47%
Capellen
45%
Clervaux
43%
Mersch
43%
Remich
43%
Grevenmacher
40%
Vianden
38%
Redange
34%

Score Distribution

Percentile by Number Answered

Percent of People with Each Score

Your Score History

You have not taken this quiz